[Event "BCF-ch"]
[Site "Southampton"]
[Date "1986.??.??"]
[Round "8"]
[White "Crawley, Gavin"]
[Black "Yeo, Michael J"]
[Result "1-0"]
[WhiteElo "2345"]
[BlackElo "2240"]

1.d4 d5 2.c4 Nc6 3.Nc3 dxc4 4.Nf3 Nf6 5.d5 Na5 6.e4 e6 7.Bg5 c6 8.dxc6 Qxd1+
9.Rxd1 bxc6 10.Bd2 Bb4 11.Ne5 O-O 12.a3 Bd6 13.Nxc4 Nxc4 14.Bxc4 Be5 15.f3 Bd4
16.Na4 a5 17.Bc3 Bxc3+ 18.Nxc3 Nd7 19.Na4 Ne5 20.Be2 Ba6 21.f4 Bb5 22.Nc5 Bxe2
23.Kxe2 Ng6 24.g3 Rfb8 25.Na4 Kf8 26.Rd7 Ke8 27.Rhd1 Rd8 28.Nc5 Rxd7 29.Rxd7 a4
30.Rb7 Ra5 31.Nd3 Ne7 32.Kd2 f6 33.Kc3 Rh5 34.h4 g5 35.hxg5 fxg5 36.Ne5 Kf8
37.Kd4 gxf4 38.gxf4 Rh4 39.Nd7+ Kf7 40.Nb6 Kf8 41.Ke5 Ng6+ 42.Kxe6 Nxf4+
43.Kf6 Nh5+ 44.Kg5 Rxe4 45.Kxh5 Re5+ 46.Kh6 Rb5 47.Kxh7 Rxb2 48.Nd7+  1-0

[Event "BCF-ch"]
[Site "Southampton"]
[Date "1986.??.??"]
[Round "8"]
[White "Arkell, Keith C"]
[Black "Hazelton, Martin"]
[Result "1/2-1/2"]
[WhiteElo "2350"]
[BlackElo "2145"]

1.d4 d5 2.c4 Nc6 3.cxd5 Qxd5 4.Nf3 e5 5.Nc3 Bb4 6.Bd2 Bxc3 7.Bxc3 e4 8.Nd2 e3
9.fxe3 Nf6 10.e4 Nxe4 11.Nxe4 Qxe4 12.d5 Ne7 13.Bxg7 Rg8 14.Qd4 Qxd5 15.Rd1 Qxd4
16.Bxd4 Be6 17.a3 O-O-O 18.Bf6 Rxd1+ 19.Kxd1 Nf5 20.g3 Bd5 21.Bh3 Bxh1 22.Bxf5+ Kb8
23.Bxh7 Re8 24.h4 Be4 25.Bxe4 Rxe4 26.h5 Re6 27.Bg7 Rd6+ 28.Ke1 Rc6 29.Kf2 Rc1
30.Bf6 Rc6 31.Bg7 Rc1 32.g4 Kc8 33.Bc3 Rh1 34.Kg2 Rh4 35.Kg3 Rh1 36.Kf4 c5
37.Kg5 Kd7 38.Kh6 Ke6 39.Kh7 Rh4 40.h6 f6  1/2-1/2

[Event "BCF-ch"]
[Site "Southampton"]
[Date "1986.??.??"]
[Round "10"]
[White "Rossiter, Philip J"]
[Black "Hazelton, Martin"]
[Result "1/2-1/2"]
[WhiteElo "2230"]
[BlackElo "2145"]

1.d4 d5 2.c4 Nc6 3.Nf3 Bg4 4.cxd5 Bxf3 5.dxc6 Bxc6 6.f3 e6 7.e4 Qh4+ 8.g3 Qf6
9.Be3 Bb4+ 10.Nc3 Ne7 11.a3 Ba5 12.Be2 Rd8 13.Qd2 Bb6 14.O-O-O h6 15.h4 e5
16.dxe5 Rxd2 17.exf6 Rxd1+ 18.Nxd1 gxf6 19.Bxb6 axb6 20.Ne3 O-O 21.g4 Rd8
22.h5 Kf8 23.Kc2 Bd7 24.Kc3 Be6 25.Bb5 Nc6 26.Bxc6 bxc6 27.b4 Ke7 28.Nc2 Ra8
29.Rd1 Ra4 30.Kb2 c5 31.bxc5 bxc5 32.Rd3 c6 33.Rd1 Ra5 34.Rd3 Ra4 35.Kc1 c4
36.Rd4 c5 37.Rd2 Ra8 38.Re2 Kd6 39.Re3 Ke5 40.Rc3 Kf4  1/2-1/2

[Event "NOR-ch"]
[Site "Steinkjer"]
[Date "1986.??.??"]
[Round "?"]
[White "Lauvsnes, Arild"]
[Black "Gausel, Einar"]
[Result "0-1"]
[WhiteElo "2220"]
[BlackElo "2315"]

1.d4 d5 2.c4 Nc6 3.Nf3 Bg4 4.Qa4 Bxf3 5.exf3 e6 6.cxd5 exd5 7.Bb5 Ne7 8.Bg5 f6
9.Be3 a6 10.Bd3 Qd7 11.O-O g6 12.Nd2 Bg7 13.a3 O-O 14.Rac1 f5 15.f4 Rfd8
16.Qc2 Nxd4 17.Bxd4 Bxd4 18.Nf3 Bf6 19.Ne5 Bxe5 20.fxe5 Rac8 21.b4 Re8 22.f4 c6
23.Qc5 Rcd8 24.Rf3 Nc8 25.Qd4 Re6 26.h4 Qg7 27.Rg3 Rf8 28.Kf2 Nd6 29.Rh1 Ne4+
30.Bxe4 fxe4 31.Ke3 Qf7 32.Rf1 Qg7 33.h5 Rf5 34.Rh1 g5 35.fxg5 Rxg5 36.Rxg5 Qxg5+
37.Kf2 Qxe5 38.Qe3 d4 39.Qb3 e3+ 40.Ke2 Qe4 41.Rd1 d3+  0-1

[Event "Biel schev"]
[Site "Biel"]
[Date "1987.??.??"]
[Round "?"]
[White "Cramling, Pia"]
[Black "Landenbergue, Claude"]
[Result "1-0"]
[WhiteElo "2455"]
[BlackElo "2300"]

1.d4 d5 2.c4 Nc6 3.Nc3 Nf6 4.Nf3 Bg4 5.cxd5 Nxd5 6.e4 Nxc3 7.bxc3 e5 8.d5 Nb8
9.Qa4+ Nd7 10.Nxe5 Qf6 11.Be2 Bd6 12.Bxg4 Qxe5 13.Bxd7+ Kd8 14.Bd2  1-0

[Event "Copenhagen op"]
[Site "Copenhagen"]
[Date "1987.??.??"]
[Round "10"]
[White "Lukacs, Peter"]
[Black "Bartels, Hans A"]
[Result "0-1"]
[WhiteElo "2500"]
[BlackElo "2315"]

1.d4 d5 2.c4 Nc6 3.Nc3 Nf6 4.Bg5 Ne4 5.Bh4 g5 6.Bxg5 Nxg5 7.cxd5 e5 8.dxe5 Nxe5
9.h4 Bc5 10.hxg5 Qxg5 11.Qa4+ Bd7 12.Nh3 Bxf2+ 13.Kxf2 Ng4+  0-1

[Event "Bundesliga 8687"]
[Site "Germany"]
[Date "1987.??.??"]
[Round "?"]
[White "Pieper Emden, Carsten"]
[Black "Andruet, Gilles"]
[Result "1/2-1/2"]
[WhiteElo "2335"]
[BlackElo "2405"]

1.d4 d5 2.c4 Nc6 3.Nf3 Bg4 4.Nbd2 dxc4 5.Qa4 Bxf3 6.Nxf3 Qd5 7.e4 Qxe4+ 8.Be3 e6
9.a3 Bd6 10.Bxc4 Bf4 11.O-O Bxe3 12.Rae1 Ne7 13.fxe3 O-O 14.Qb5 h6 15.Bd3 Qd5
16.Qxb7 Rab8 17.Qxc7 Rxb2 18.Rb1 Qa2 19.Rxb2 Qxb2 20.Be4 Qxa3 21.Bxc6 Rc8
22.Qd7 Rxc6 23.Qe8+ Kh7 24.Qxf7 Qxe3+ 25.Kh1 Rc7 26.h4 Nd5 27.Ng5+  1/2-1/2

[Event "Jakarta zt"]
[Site "Jakarta"]
[Date "1987.??.??"]
[Round "?"]
[White "Mascarinas, Rico"]
[Black "Stuart, Peter"]
[Result "1-0"]
[WhiteElo "2425"]
[BlackElo "2225"]

1.d4 d5 2.c4 Nc6 3.Nf3 Bg4 4.e3 e6 5.Be2 Nf6 6.O-O Bd6 7.Nbd2 dxc4 8.Nxc4 O-O
9.b3 Nb4 10.Bb2 Ne4 11.h3 Bf5 12.a3 Nd5 13.Bd3 b5 14.Nxd6 cxd6 15.Rc1 Qa5
16.Qc2 Ndf6 17.g4  1-0

[Event "New York op"]
[Site "New York"]
[Date "1987.??.??"]
[Round "?"]
[White "Gulko, Boris F"]
[Black "Andruet, Gilles"]
[Result "1/2-1/2"]
[WhiteElo "2525"]
[BlackElo "2405"]

1.d4 d5 2.c4 Nc6 3.Nc3 Nf6 4.Nf3 Bg4 5.cxd5 Nxd5 6.e4 Nxc3 7.bxc3 e5 8.d5 Nb8
9.Qa4+ Nd7 10.Nxe5 Qf6 11.f4 Bd6 12.Bb5 c6 13.dxc6 bxc6 14.Bxc6 O-O 15.Bxd7 Bxe5
16.fxe5 Qh4+ 17.g3 Bxd7 18.gxh4 Bxa4 19.O-O Rac8 20.Rf3 Bc2 21.Re3 Rc4 22.Ba3  1/2-1/2

[Event "NZD-ch"]
[Site "?"]
[Date "1987.??.??"]
[Round "?"]
[White "Stuart, Peter"]
[Black "Sarapu, Ortvin"]
[Result "1/2-1/2"]
[WhiteElo "2225"]
[BlackElo "2345"]

1.d4 d5 2.c4 Nc6 3.Nf3 e5 4.dxe5 Bb4+ 5.Bd2 dxc4 6.e4 Be6 7.Qc1 Qe7 8.Bxb4 Qxb4+
9.Nbd2 O-O-O 10.Bxc4 Bxc4 11.Qxc4 Nxe5 12.Qxb4 Nd3+ 13.Ke2 Nxb4 14.Rhc1 Ne7
15.Ne5 Rhf8 16.a3 Nbc6 17.Nxc6 Nxc6 18.Rc3 f5 19.f3 Rfe8 20.Rac1 Nd4+ 21.Kf2 Nb5
22.R3c2 c6 23.Re1 Nd4 24.Rc4 Ne6 25.Rc2 Nf4 26.Kf1 Kc7 27.g3 Nd3 28.Re2 fxe4
29.Nxe4 Ne5 30.Kg2 Nd3 31.Rcd2 h6 32.Nc3 Rxe2+ 33.Rxe2  1/2-1/2

[Event "Oslo"]
[Site "Oslo"]
[Date "1987.??.??"]
[Round "?"]
[White "Tiller, Bjorn"]
[Black "Dunnington, Angus J"]
[Result "1-0"]
[WhiteElo "2400"]
[BlackElo "2285"]

1.d4 d5 2.c4 Nc6 3.e3 e5 4.cxd5 Qxd5 5.Nc3 Bb4 6.a3 Bxc3+ 7.bxc3 exd4 8.cxd4 Nf6
9.Nf3 O-O 10.Be2 Ne4 11.Bd2 Bf5 12.O-O Rad8 13.Qc1 Bg4 14.Rb1 Ne5 15.Rb5 c5
16.dxe5 Nxd2 17.Rxc5 Qd7 18.Rd1 Qe7 19.Nd4 Rxd4 20.exd4 Nb3 21.Qc2 Bxe2 22.Qxb3 Bxd1
23.Qxd1 Rd8 24.Qa4 b6 25.Rc1 h6 26.h3 b5 27.Qxb5 Rxd4 28.a4 Rb4 29.Qd5 Rxa4
30.Rc8+ Kh7 31.Qd3+ g6 32.Qd5 Rf4 33.Rb8 Kg7 34.Rb7 Qg5 35.Rxa7 Rf5 36.Qd4 Rf4
37.Qe3 Kg8 38.e6 Qd5 39.exf7+ Rxf7 40.Qe8+  1-0

[Event "PRC-chT"]
[Site "?"]
[Date "1987.??.??"]
[Round "?"]
[White "Li Zunian"]
[Black "Ye Rongguang"]
[Result "1-0"]
[WhiteElo "2450"]
[BlackElo "2375"]

1.d4 d5 2.c4 Nc6 3.Nc3 dxc4 4.Nf3 a6 5.d5 Na7 6.e4 e6 7.Bxc4 b5 8.Bb3 c5
9.O-O c4 10.Bc2 Bc5 11.Qe2 Ne7 12.Rd1 Qc7 13.Be3 Ng6 14.e5 O-O 15.d6 Qb6
16.Bxc5 Qxc5 17.Ne4 Qb6 18.Nfg5 h6 19.Qh5 Nxe5 20.Nf6+ gxf6 21.Nh7 Kg7 22.Qh4 Nd7
23.Qg3+ Kh8 24.Nxf8 Nxf8 25.Qf3 Nc6 26.Qxf6+ Kg8 27.Be4 Ra7 28.h4 Qd8 29.Qxh6 Ne5
30.Qe3 Qxh4 31.g3 Qg4 32.Bg2 Bb7 33.Qxe5 Bxg2 34.Kxg2 Ng6 35.Qd4 Nh4+ 36.Kf1 Qh3+
37.Ke2 Nf5 38.Qxa7 Qg4+ 39.Kf1 Qh3+ 40.Kg1 Nxg3 41.fxg3 Qxg3+ 42.Kf1  1-0

[Event "FRA-ch"]
[Site "Rouen"]
[Date "1987.??.??"]
[Round "3"]
[White "Simon, Gerard"]
[Black "Dubois, Jean Marie"]
[Result "0-1"]
[WhiteElo "2200"]
[BlackElo "2320"]

1.d4 d5 2.c4 Nc6 3.cxd5 Qxd5 4.Nf3 e5 5.Nc3 Bb4 6.Bd2 Bxc3 7.Bxc3 e4 8.Ne5 Nxe5
9.dxe5 Ne7 10.e3 Qxd1+ 11.Rxd1 Be6 12.a3 O-O 13.Be2 c5 14.O-O Nd5 15.Ba5 b6
16.Bd2 Rad8 17.Bc1 Ne7 18.f3 g6 19.Rd6 exf3 20.Rxd8 f2+ 21.Rxf2 Rxd8 22.Bb5 Rd1+
23.Rf1 Rd5 24.e4 Rxe5 25.Re1 c4 26.a4 f5 27.Bf4 Rxe4 28.Rxe4 fxe4 29.Bb8 a5
30.Bc7 Nd5 31.Bd8 c3 32.bxc3 Nxc3 33.Bxb6 Nxb5 34.axb5 a4 35.Bc5 Kf7 36.Kf2 Kf6
37.Ke3 Ke5 38.Kd2 Kd5 39.b6 Bc8 40.Be3 Kc4 41.Kc2 Bb7 42.g3 Bd5 43.Bf2 a3
44.Be1 e3  0-1

[Event "San Francisco"]
[Site "San Francisco"]
[Date "1987.??.??"]
[Round "?"]
[White "Rey, Guillermo"]
[Black "Leski, Marc"]
[Result "1-0"]
[WhiteElo "2350"]
[BlackElo "2390"]

1.d4 d5 2.c4 Nc6 3.Nc3 Nf6 4.Nf3 Bg4 5.cxd5 Nxd5 6.e4 Nxc3 7.bxc3 e5 8.d5 Nb8
9.Qa4+ Nd7 10.Nxe5 Qf6 11.Be2 c6 12.dxc6 Qxe5 13.cxd7+ Bxd7 14.Qd4 Bd6 15.Be3 Bc6
16.f3 Qe7 17.Rd1 Be5 18.Qb4 Qc7 19.g3 f5 20.exf5 Bxf3 21.Bb5+ Bc6 22.O-O Rf8
23.Bd4 O-O-O 24.Bxc6 bxc6 25.Qc4 Bxd4+ 26.Rxd4 Kb7 27.Qc5 Ka8 28.Rfd1 Kb7
29.Kg2 Rfe8 30.Qb4+ Ka8 31.Qc4 Rxd4 32.Rxd4 Kb7 33.Qd3 Re7 34.Qf3 Qe5 35.Rb4+ Kc7
36.Qf4 Qxf4 37.Rxf4 Kd6 38.Kf3 Re1 39.Ra4 g6 40.fxg6 hxg6 41.Rxa7  1-0

[Event "BCF-ch"]
[Site "Swansea"]
[Date "1987.??.??"]
[Round "?"]
[White "Rogers, Ian"]
[Black "Dunnington, Angus J"]
[Result "1-0"]
[WhiteElo "2535"]
[BlackElo "2300"]

1.d4 d5 2.c4 Nc6 3.Nf3 Bg4 4.Nc3 e6 5.e3 Nf6 6.h3 Bh5 7.a3 dxc4 8.Bxc4 a6
9.b4 Bd6 10.Bb2 e5 11.g4 Bg6 12.dxe5 Bxe5 13.Be2 Qe7 14.Nxe5 Qxe5 15.Qb3 Rd8
16.Nb5 Qe7 17.Nd4 Be4 18.Rg1 Nxd4 19.Bxd4 O-O 20.O-O-O b6 21.g5 Nd5 22.Qb2 Qd6
23.Rd2 Qg6 24.f3 Qc6+ 25.Kd1 Nxe3+ 26.Bxe3 Bxf3 27.Rg3 Bxe2+ 28.Kxe2 Qc4+
29.Kf2 Rd5 30.Rxd5 Qxd5 31.Qd4 Qa2+ 32.Bd2 c5 33.bxc5 bxc5 34.Qd6 g6 35.Re3 Qc2
36.Kg3 Qf5 37.Qe5 Qf1 38.Bc3 Qg1+ 39.Kf3 Qf1+ 40.Kg3 Qg1+ 41.Kh4  1-0

[Event "Toronto"]
[Site "Toronto"]
[Date "1987.??.??"]
[Round "?"]
[White "Behrhorst, Frank"]
[Black "Pajak, John T"]
[Result "1-0"]
[WhiteElo "2335"]
[BlackElo "2265"]

1.d4 d5 2.c4 Nc6 3.e3 Nf6 4.Nc3 e6 5.Nf3 Bb4 6.Bd3 O-O 7.O-O Re8 8.Qc2 Bf8
9.a3 g6 10.b3 Bg7 11.Bb2 Ng4 12.Rad1 Ne7 13.e4 dxe4 14.Nxe4 Nf5 15.h3 Ngh6
16.Be2 b6 17.Ne5 Bb7 18.Bf3 Rb8 19.g3 f6 20.Ng4 Nf7 21.d5 e5 22.Rfe1 h5 23.Nh2 Ne7
24.Bc1 f5 25.Ng5 Nxg5 26.Bxg5 Qd6 27.Bg2 Qxa3 28.Ra1 Qb4 29.Bd2 Qd6 30.Rxa7 Nc8
31.Ra2 e4 32.Nf3 Bf6 33.Ng5 e3 34.Rxe3 Rxe3 35.Bxe3 Ne7 36.Ra7 Bc8 37.Nf3 c6
38.Bf4 Qc5 39.Bxb8 Nxd5 40.Qd2 Bc3 41.Qg5  1-0

[Event "Vrnjacka Banja"]
[Site "Vrnjacka Banja"]
[Date "1987.??.??"]
[Round "2"]
[White "Nikolic, Zivoslav"]
[Black "Maksimovic, Suzana"]
[Result "1-0"]
[WhiteElo "2470"]
[BlackElo "2450"]

1.d4 d5 2.c4 Nc6 3.Nf3 Bg4 4.cxd5 Bxf3 5.dxc6 Bxc6 6.Nc3 e6 7.e4 Bb4 8.f3 Qh4+
9.g3 Qf6 10.Be3 O-O-O 11.Qe2 Ne7 12.O-O-O Ba5 13.h4 h6 14.Bh3 Kb8 15.Qf2 Nc8
16.d5 Bd7 17.e5 Qxe5 18.Bd4 Qh5 19.Bxg7 Rhg8 20.Bf6 Rde8 21.Ne4 Ba4 22.g4 Qg6
23.h5 Qh7 24.b3 exd5 25.Rxd5 Bb6 26.Bd4 Rxe4 27.fxe4 Bc6 28.Bxb6 axb6 29.Rd4 Nd6
30.Rhd1 Qg7 31.Qb2 Qg5+ 32.Qd2 Qe5 33.Rxd6 Qa1+ 34.Kc2 Qxa2+ 35.Kc3 Qa5+
36.Kb2  1-0

[Event "Vrnjacka Banja"]
[Site "Vrnjacka Banja"]
[Date "1987.??.??"]
[Round "11"]
[White "Renet, Olivier"]
[Black "Maksimovic, Suzana"]
[Result "1/2-1/2"]
[WhiteElo "2455"]
[BlackElo "2450"]

1.d4 d5 2.c4 Nc6 3.Nc3 Nf6 4.Nf3 Bg4 5.cxd5 Nxd5 6.e4 Nxc3 7.bxc3 e5 8.d5 Nb8
9.Qa4+ Nd7 10.Nxe5 Qf6 11.Nxg4 Qxc3+ 12.Kd1 Qxa1 13.Bb5 O-O-O 14.Bxd7+ Rxd7
15.Kc2 Bd6 16.Qxa7 Re7 17.Re1 c5 18.dxc6 bxc6 19.Qa8+ Kd7 20.Qb7+ Kd8 21.Qa8+ Kd7
22.Qb7+ Kd8 23.Qa8+ Kd7 24.Qb7+ Kd8  1/2-1/2

[Event "Vrnjacka Banja"]
[Site "Vrnjacka Banja"]
[Date "1987.??.??"]
[Round "13"]
[White "Lukacs, Peter"]
[Black "Maksimovic, Suzana"]
[Result "1-0"]
[WhiteElo "2500"]
[BlackElo "2450"]

1.d4 d5 2.c4 Nc6 3.Nc3 Nf6 4.Bg5 Ne4 5.Bh4 Nxc3 6.bxc3 dxc4 7.e4 b5 8.a4 Ba6
9.axb5 Bxb5 10.Nf3 g6 11.Bxc4 Bxc4 12.Qa4 Qd7 13.Qxc4 Bg7 14.O-O O-O 15.Ra6 Nb8
16.Ra5 Rc8 17.h3 Nc6 18.Rc5 Nd8 19.Rd5 Qe8 20.Rc5 c6 21.Rb1 Rab8 22.Rxb8 Rxb8
23.Bg3 Ra8 24.Qa6 Qd7 25.Ne5 Bxe5 26.Bxe5 Qe6 27.f3 Qb3 28.Kh2 Qb6 29.Ra5 Qxa6
30.Rxa6 Kf8 31.Bc7 Ke8 32.Bb6 Rb8 33.Bxa7 Rb3 34.c4 Kd7 35.Bb6 Nb7 36.c5 Rb5
37.Ra7 Kc8 38.Ra8+ Kd7 39.Rb8 Na5 40.d5 e5 41.Rd8+ Ke7 42.d6+ Kf6 43.Rb8 Ke6
44.Re8+  1-0

[Event "Aarhus-A"]
[Site "Aarhus"]
[Date "1988.??.??"]
[Round "5"]
[White "Sorensen, Torben"]
[Black "Kroll, Ove"]
[Result "0-1"]
[WhiteElo "2360"]
[BlackElo "2335"]

1.d4 d5 2.c4 Nc6 3.Nc3 dxc4 4.Nf3 Nf6 5.e4 Bg4 6.Be3 Bxf3 7.gxf3 e5 8.d5 Ne7
9.Qa4+ Nd7 10.d6 Nc6 11.dxc7 Qxc7 12.O-O-O Bb4 13.Bh3 O-O-O 14.Rxd7 Rxd7
15.Rd1 Rd8 16.Rxd7 Rxd7 17.Nb5 Qa5 18.Nxa7+ Kc7 19.Nb5+ Kd8 20.Qxa5+ Bxa5
21.Bxd7 Kxd7 22.Na3 c3 23.b3 Nb4 24.Nc4 Bc7 25.a3 Nd3+ 26.Kc2 Ne1+ 27.Kxc3 Nxf3
28.h3 h5 29.Nd2 Ng1 30.h4 Bd8 31.Kc4 Bxh4 32.Kd5 Nh3 33.Nf3 Bxf2 34.Nxe5+ Ke7
35.Bd2 h4 36.Bb4+ Ke8 37.Ng4 Nf4+ 38.Ke5 Bg3 39.Bd2 Ng6+  0-1

[Event "US op"]
[Site "Boston"]
[Date "1988.??.??"]
[Round "?"]
[White "Nickoloff, Bryon"]
[Black "Rizzitano, James"]
[Result "1/2-1/2"]
[WhiteElo "2390"]
[BlackElo "2435"]

1.d4 d5 2.c4 Nc6 3.Nf3 Bg4 4.Nc3 e6 5.e3 Bb4 6.Qb3 Nge7 7.Be2 O-O 8.Bd2 dxc4
9.Qxc4 Nd5 10.Ne4 Nb6 11.Qb3 Bxd2+ 12.Nexd2 e5  1/2-1/2

[Event "Buenos Aires"]
[Site "Buenos Aires"]
[Date "1988.??.??"]
[Round "?"]
[White "Hoffman, Alejandro"]
[Black "Szmetan, Jorge"]
[Result "1/2-1/2"]
[WhiteElo "2390"]
[BlackElo "2405"]

1.d4 d5 2.c4 Nc6 3.e3 Nf6 4.Nc3 Bf5 5.Nf3 e6 6.c5 Bg4 7.Qb3 Rb8 8.Bb5 Bxf3
9.gxf3 Qd7 10.Bd2 a6 11.Ba4 Ng8 12.Rc1 Nge7 13.Qc2 g6 14.f4 Bg7 15.Qd1 f6
16.Qg4 Nf5 17.h4 Qf7 18.h5 Kd7 19.hxg6 hxg6 20.Rg1 Rh6 21.Bc2 Nfe7 22.a3 Rbh8
23.Ke2 Rh4 24.Qf3 f5 25.Ba4 Kc8 26.Kd3 Bf6 27.b4 Qg7 28.Ne2 Rh2 29.Kc2 R8h3
30.Rg3 Qh6 31.Rcg1 Rxg3 32.Rxg3 g5 33.fxg5 Bxg5 34.Bb3 Nd8 35.a4 Nf7 36.b5 axb5
37.axb5 Kd7 38.Ba4 c6 39.Rg2 Ng6 40.Rxh2 Qxh2 41.Ng3 Nh6 42.bxc6+ bxc6 43.Qe2 Ne7
44.Nf1 Qg2 45.Qa6 Qxf2 46.Bxc6+ Nxc6 47.Qb7+ Kd8 48.Qxc6 Qxf1 49.Qd6+ Ke8
50.Qxe6+ Kf8 51.Qxd5 Qb5 52.Qd6+ Kg7 53.Qe6 Bd8 54.e4 Qa4+ 55.Kb2 Nf7 56.exf5 Bf6
57.Bc3 Nd8 58.Qb6 Qd7 59.Kb3 Qd5+ 60.Kb4 Nc6+ 61.Kb5 Nxd4+  1/2-1/2

[Event "Delmenhorst"]
[Site "Delmenhorst"]
[Date "1988.??.??"]
[Round "?"]
[White "Deze, Anton"]
[Black "Lanzendoerfer, Johannes"]
[Result "1-0"]
[WhiteElo "2395"]
[BlackElo "2235"]

1.d4 d5 2.c4 Nc6 3.cxd5 Qxd5 4.Nf3 e5 5.Nc3 Bb4 6.Bd2 Bxc3 7.Bxc3 e4 8.Nd2 e3
9.fxe3 Nf6 10.e4 Nxe4 11.Nxe4 Qxe4 12.d5 Ne5 13.Qd4 Qxd4 14.Bxd4 f6 15.g3 Bg4
16.Rc1 O-O-O 17.Bg2 Rhe8 18.Rc3 Nc6 19.Be3 Nb4 20.h3 Rxe3 21.hxg4 Rxc3 22.bxc3 Nxd5
23.Rxh7 Nxc3 24.Rxg7 Rd1+ 25.Kf2 Rd2 26.Bf3 Rxa2 27.g5 fxg5 28.Bg4+ Kd8 29.Rd7+ Ke8
30.Rxc7 Ne4+ 31.Kf3 Nd6 32.Be6 Rd2 33.Rg7 a5 34.Rxg5 Ke7 35.Bd5 b5 36.e4 a4
37.Rg7+ Kf6 38.Ra7 Ke5 39.Ke3 Rxd5 40.exd5 a3 41.Kd3 b4 42.g4 Kxd5 43.g5 a2
44.g6 Nf5 45.Rxa2 Ke6 46.Rf2 Ng7 47.Kc4 Nh5 48.Kxb4 Ng7 49.Kc4 Nh5 50.Kd4 Ng7
51.Ke4 Nh5 52.Rf8 Ke7 53.Rf7+ Ke6 54.Kf3 Nf6 55.Kf4 Nd5+ 56.Kg5 Ne7 57.Rxe7+ Kxe7
58.Kh6  1-0

[Event "DEN-ch"]
[Site "?"]
[Date "1988.??.??"]
[Round "9"]
[White "Jelling, Erik"]
[Black "Fries Nielsen, Jens Ove"]
[Result "1-0"]
[WhiteElo "2350"]
[BlackElo "2370"]

1.d4 d5 2.c4 Nc6 3.Nc3 dxc4 4.Nf3 Nf6 5.e4 Bg4 6.d5 Ne5 7.Be2 Bxf3 8.gxf3 e6
9.Qd4 Nfd7 10.f4 Bc5 11.Qd1 Qh4 12.fxe5 Qxf2+ 13.Kd2 Nxe5 14.Qf1 Qd4+ 15.Kc2 exd5
16.exd5 Bb4 17.Qf4 Bxc3 18.bxc3 Qxd5 19.Rd1 Qe6 20.Ba3 f6 21.Rd4 Qa6 22.Bb4 Qa4+
23.Kb2 Qc6 24.Re1  1-0

[Event "Bundesliga 8788"]
[Site "Germany"]
[Date "1988.??.??"]
[Round "?"]
[White "Tischer, Guenter"]
[Black "Lieb, Harald"]
[Result "1-0"]
[WhiteElo "2325"]
[BlackElo "2290"]

1.d4 d5 2.c4 Nc6 3.Nf3 Bg4 4.Nc3 Bxf3 5.gxf3 Nf6 6.Bg5 dxc4 7.e3 e6 8.Bxc4 Be7
9.f4 O-O 10.a3 Nd5 11.Qh5 Bxg5 12.Qxg5 Qxg5 13.fxg5 Nb6 14.Ba2 Rfd8 15.Ke2 e5
16.dxe5 Nxe5 17.Rhd1 Nec4 18.Rxd8+ Rxd8 19.Rd1 Rxd1 20.Nxd1 Kf8 21.f4 h6
22.Kd3 Nd6 23.gxh6 gxh6 24.Nc3 Ke7 25.e4 f6 26.e5 fxe5 27.fxe5 Nf7 28.Ke4 c6
29.Kf5 Ng5 30.h4 Nf3 31.h5 Nd7 32.Kg6 Nfxe5+ 33.Kxh6 Nf6 34.Kg5 a5 35.h6 b5
36.Kf5 Ned7 37.Ne2 Nh7 38.Nd4 Kd6 39.Bg8 Nhf8 40.Ne6 Ke7 41.Nxf8 Nxf8 42.h7 Nxh7
43.Bxh7 Kd6 44.Ke4 Kc5 45.Kd3 a4 46.Kc3 Kd5 47.Bg8+ Kc5 48.Bf7 Kb6 49.Kd4 c5+
50.Kd5 b4 51.Kc4  1-0

[Event "FRG-ch qual"]
[Site "Koenigslutter"]
[Date "1988.??.??"]
[Round "?"]
[White "Wegner, Hannu"]
[Black "Baumhus, Reinhard"]
[Result "1-0"]
[WhiteElo "2290"]
[BlackElo "2335"]

1.d4 d5 2.c4 Nc6 3.Nc3 dxc4 4.Nf3 Nf6 5.e4 Bg4 6.Be3 Bxf3 7.gxf3 e5 8.d5 Ne7
9.Qa4+ c6 10.Bxc4 a6 11.dxc6 Nxc6 12.Rd1 Qc7 13.Rg1 Rc8 14.Bb3 Qa5 15.Qc4 Rc7
16.Kf1 b5 17.Qe2 Nd4 18.Bxd4 exd4 19.Rxd4 Bc5 20.Rd1 b4 21.e5 Re7 22.Ba4+ Nd7
23.Bxd7+ Rxd7 24.Rxd7 Kxd7 25.Ne4 Be7 26.Qd3+ Ke8 27.Nd6+  1-0

[Event "SWE-ch"]
[Site "Norrkoeping"]
[Date "1988.??.??"]
[Round "?"]
[White "Wessman, Richard"]
[Black "Kyhle, Bo"]
[Result "1-0"]
[WhiteElo "2285"]
[BlackElo "2305"]

1.d4 d5 2.c4 Nc6 3.Nf3 e5 4.Nxe5 Nxe5 5.dxe5 Be6 6.cxd5 Qxd5 7.Qxd5 Bxd5
8.Nc3 Bb4 9.Bd2 O-O-O 10.a3 Bxc3 11.Bxc3 Ne7 12.f3 Ng6 13.e4 Bb3 14.g3 Rhe8
15.f4 Bc2 16.Bg2 f6 17.Rc1 Bd3 18.exf6 gxf6 19.Bxf6 Bxe4 20.O-O Bxg2 21.Kxg2 Rd6
22.Bc3 Ne7 23.Rfe1 Kd7 24.Bb4 c5 25.Rxc5 Nd5 26.Rxe8  1-0

[Event "Oslo"]
[Site "Oslo"]
[Date "1988.??.??"]
[Round "?"]
[White "Ostenstad, Berge"]
[Black "Gausel, Einar"]
[Result "0-1"]
[WhiteElo "2410"]
[BlackElo "2360"]

1.d4 d5 2.c4 Nc6 3.Nc3 dxc4 4.Nf3 Nf6 5.Bg5 h6 6.Bxf6 exf6 7.e3 Bd6 8.Bxc4 O-O
9.O-O f5 10.Rc1 a6 11.a3 Bd7 12.Re1 Kh8 13.Ba2 Rb8 14.Qd3 Ne7 15.Nd2 Ng6
16.Nc4 Nh4 17.Nxd6 cxd6 18.f4 Ng6 19.Re2 Ne7 20.Rec2 Rc8 21.Nd5 Rxc2 22.Qxc2 Bc6
23.Nc3 Qa5 24.Bc4 Kg8 25.Qb3 Be4 26.Nxe4 fxe4 27.Rc3 b5 28.Bf1 Qb6 29.a4 b4
30.Rc1 a5 31.Bb5 d5 32.Rc5 Qf6 33.Bf1 Ra8 34.g3 g5 35.fxg5 Qxg5 36.Bg2 Rc8
37.Bh3 Rxc5 38.dxc5 Qe5 39.Qc2 d4 40.exd4 Qxd4+ 41.Kh1 b3 42.Qxb3 Qxc5 43.Bf1 Nc6
44.Qc4 Qf2 45.Qe2 Qxe2 46.Bxe2 Kg7 47.Kg2 f5 48.Kf2 Kf6 49.Ke3 Ke5 50.Bc4 Nb4
51.Ke2 f4 52.gxf4+ Kxf4 53.Kf2 Nc2 54.Be2 e3+ 55.Kf1 Ke4 56.Bc4 Kd4 57.Bb5 Ke4
58.Bc4 Nd4 59.Ba6 Ke5 60.Bc4 Kd6 61.b4 axb4 62.a5 Kc5 63.a6 Kb6 64.Kg2 Ka7
65.Kg3 Nc6 66.Kg2 Ne5 67.Ba2 e2  0-1

[Event "Thessaloniki ol (Men)"]
[Site "Thessaloniki"]
[Date "1988.??.??"]
[Round "2"]
[White "Rubinetti, Jorge A"]
[Black "Boey, Josef"]
[Result "1-0"]
[WhiteElo "2415"]
[BlackElo "2375"]

1.d4 d5 2.c4 Nc6 3.Nf3 Bg4 4.cxd5 Bxf3 5.gxf3 Qxd5 6.e3 e5 7.Nc3 Bb4 8.Bd2 Bxc3
9.bxc3 Qd6 10.Rb1 b6 11.Qa4 Ne7 12.Be2 Qg6 13.Rd1 Qg2 14.Rf1 O-O-O 15.Bc1 exd4
16.cxd4 Qxh2 17.d5 Na5 18.Qg4+ f5 19.Qxg7 Qd6 20.e4 Ng6 21.Qc3 Rhe8 22.Ba3 Qe5
23.Qxe5 Rxe5 24.Bb2 Ree8 25.Rd4 c5 26.Ra4 Nf4 27.Bc3 Nxe2 28.Kxe2 Rxd5 29.Bxa5 bxa5
30.Rh1 Rd7 31.Rh5 fxe4 32.Rxc5+ Rc7 33.Rxc7+ Kxc7 34.fxe4 Kc6 35.Kf3 Kb5
36.Rd4 a4 37.Rd7 a5 38.Rxh7 Kb4 39.Ra7 Rc8 40.e5 Rc2 41.a3+ Kxa3 42.Rxa5 Kb4
43.Ra8 a3 44.e6 a2 45.e7 Rc3+ 46.Kg4 Rc4+ 47.Kf5 Rc5+ 48.Ke6  1-0

[Event "Thessaloniki ol (Men)"]
[Site "Thessaloniki"]
[Date "1988.??.??"]
[Round "3"]
[White "Carvajal, Juan"]
[Black "Boey, Josef"]
[Result "0-1"]
[WhiteElo "2200"]
[BlackElo "2375"]

1.d4 d5 2.c4 Nc6 3.cxd5 Qxd5 4.Nf3 e5 5.Nc3 Bb4 6.dxe5 Qxd1+ 7.Kxd1 Bg4 8.Bf4 Nge7
9.e3 Bxc3 10.bxc3 O-O-O+ 11.Kc2 Ng6 12.Bg3 h5 13.h4 Bxf3 14.gxf3 Ncxe5 15.Be2 f5
16.Rhg1 Rd7 17.Bxe5 Nxe5 18.Rg5 Rhd8 19.Re1 Rd2+ 20.Kb3 R8d6 21.a4 Rb6+ 22.Ka3 Rbb2
23.Rxf5 Ra2+ 24.Kb4 Rab2+ 25.Ka3 Ra2+ 26.Kb4 Rdb2+ 27.Kc5 Nd7+ 28.Kd4 Rxe2
29.Rxe2 Rxe2 30.Rxh5 c5+ 31.Kd3 Rxf2 32.f4 Rg2 33.Rh8+ Kc7 34.h5 Nf6 35.h6 gxh6
36.Rxh6 Nd7 37.f5 Ra2 38.e4 Ne5+  0-1

[Event "Thessaloniki ol (Men)"]
[Site "Thessaloniki"]
[Date "1988.??.??"]
[Round "10"]
[White "Vera, Reynaldo"]
[Black "Ye Rongguang"]
[Result "1/2-1/2"]
[WhiteElo "2455"]
[BlackElo "2375"]

1.d4 d5 2.c4 Nc6 3.Nc3 Nf6 4.Nf3 e6 5.Bg5 Bb4 6.e3 h6 7.Bxf6 Qxf6 8.cxd5 exd5
9.Rc1 O-O 10.a3 Bxc3+ 11.Rxc3 Ne7 12.Be2 c6 13.O-O Ng6 14.b4 Bd7 15.Qb3 a6
16.a4 Bg4 17.Qc2 Rfe8 18.Rb1 Re7 19.b5 axb5 20.axb5 cxb5 21.Rxb5 Nf4 22.Bd1 Nh3+
23.gxh3 Bxf3 24.Rc8+ Re8 25.Rxe8+ Rxe8 26.Bxf3 Qxf3 27.Rxb7 Qxh3 28.Qc7 Qg4+
29.Kf1 Kh7 30.Qc2+ Kg8 31.Qc7 Qd1+ 32.Kg2 Kh7 33.Qxf7 Qg4+ 34.Kf1 Re6 35.Ke1 Ra6
36.Ra7 Rb6 37.Rb7 Ra6 38.Ra7 Rb6 39.Rb7  1/2-1/2

[Event "Warsaw"]
[Site "Warsaw"]
[Date "1988.??.??"]
[Round "6"]
[White "Baumbach, Friedrich"]
[Black "Marszalek, Rafal"]
[Result "1/2-1/2"]
[WhiteElo "2315"]
[BlackElo "2310"]

1.d4 d5 2.c4 Nc6 3.Nf3 Bg4 4.Nc3 e6 5.Bf4 Bd6 6.Bg3 Nge7 7.e3 a6 8.Rc1 Qd7
9.a3 Rd8 10.Bd3 Bxg3 11.hxg3 e5 12.cxd5 Nxd5 13.Be4 Nf6 14.Bxc6 Qxc6 15.Ne2 Qe4
16.Nxe5 Qxg2 17.Rf1 Bxe2 18.Qxe2 c6 19.Qf3 Qxf3 20.Nxf3 Ke7  1/2-1/2

[Event "Caorle op"]
[Site "Caorle"]
[Date "1989.??.??"]
[Round "4"]
[White "Ilic, Dragan"]
[Black "Miladinovic, Igor"]
[Result "1/2-1/2"]
[WhiteElo "2390"]
[BlackElo "2365"]

1.d4 d5 2.c4 Nc6 3.Nf3 Bg4 4.cxd5 Bxf3 5.dxc6 Bxc6 6.Nc3 e6 7.e4 Nf6 8.f3 Be7
9.Be2 O-O 10.O-O b6 11.Be3 Nd7 12.Rc1 Bb7 13.Qa4 c6 14.Rfd1 Qb8 15.a3 e5
16.dxe5  1/2-1/2

[Event "Cappelle op"]
[Site "Cappelle"]
[Date "1989.??.??"]
[Round "?"]
[White "Pigott, John C"]
[Black "Cawte"]
[Result "1-0"]
[WhiteElo "2380"]
[BlackElo "2200"]

1.d4 d5 2.c4 Nc6 3.Nc3 dxc4 4.Nf3 Nf6 5.e3 Bg4 6.Bxc4 e6 7.Bb5 Be7 8.h3 Bxf3
9.Qxf3 Qd6 10.O-O O-O 11.Rd1 Rfd8 12.b3 Bf8 13.Bb2 Ne7 14.Bd3 c6 15.Rac1 Ng6
16.Na4 Rac8 17.Qe2 Nd5 18.g3 Qb8 19.h4 Bd6 20.h5 Nf8 21.Qf3 Re8 22.Nc5 Nf6
23.h6 Ng6 24.hxg7 Kxg7 25.Kg2 Qc7 26.Rh1 Qe7 27.Ne4 Nxe4 28.Bxe4 Kg8 29.Rh5 f5
30.Bd3 Rf8 31.e4 Qg7 32.e5 Bb4 33.Rch1 Rce8 34.Bc1 Rf7 35.Bh6 Qh8 36.g4 c5
37.gxf5 cxd4 38.Qg3 exf5 39.f4 Bf8 40.Bxf8 Rexf8 41.Qxg6+  1-0